00893nam a22002417a 45000010005000000030006000050050017000110080041000280400029000690500009000980820013001071000021001202450064001412600037002053000059002424900039003015050007003405200217003475210018005645210018005826500031006006500020006314677FISKH20240920090920.0240920b cb ||||| |||| 00| 0 eng d aFISKHbengcFISKHdFISKH aPZ7  a629.454  aLee, Quinlan B.  aThe magic school bus Flies to the moon /cBy Quinlan B. Lee aNew York : bScholastic, c2008. a16 unnumbered pages : bcolor illustrations ; c19 cm  aPhonics Reading Program vBook 10  aF  aThe Magic School Bus can transform into any shape to take Ms. Frizzle and her class on amazing field trips! Climb aboard the Magic School Bus to learn about the moon and to read words with the "y" (long i) sound.8 a340 bLexile 8 aF bRaz-Plus  aMagic School Bus vReader  aSpacevScience